[Event "EUSA Champioship"]
[Site "Budapest"]
[Date "2019.07.25"]
[Round "1.1"]
[White "Chigaev, Maksim"]
[Black "Barbot, Pierre"]
[Result "1-0"]
[WhiteElo "2640"]
[BlackElo "2441"]
[PlyCount "87"]
[EventDate "2019.07.23"]
[EventType "team-swiss"]
[EventRounds "9"]
[EventCountry "HUN"]
[WhiteTeam "Ural State Mining Unversity"]
[BlackTeam "Unversity of Nice Sophia Antipolis"]
[WhiteTeamCountry "RUS"]
[BlackTeamCountry "FRA"]

1. e4 e5 2. Nf3 Nc6 3. Bc4 Bc5 4. d3 Nf6 5. h3 O-O 6. O-O d6 7. c3 a6 8. a4 Ba7
9. Nbd2 Ne7 10. Re1 Ng6 11. Nf1 c6 12. Bb3 Re8 13. Ng5 Re7 14. Ng3 d5 15. a5 h6
16. Nf3 Be6 17. Qc2 Qc7 18. Be3 dxe4 19. dxe4 Bxb3 20. Qxb3 Bxe3 21. Rxe3 Rd8
22. Nf5 Red7 23. g3 Rd3 24. Qc2 Qd7 25. Rae1 Rxe3 26. Rxe3 Qd1+ 27. Qxd1 Rxd1+
28. Kg2 c5 29. Re2 Ra1 30. Nd6 Rxa5 31. Nxb7 Ra4 32. Nxc5 Ra5 33. Nd3 Kf8 34.
Nd2 Nd7 35. Nc4 Ra1 36. b4 f6 37. Rd2 Ke7 38. Ndb2 Rc1 39. Ne3 Ke8 40. Nd5 Ne7
41. Nc7+ Kd8 42. Ne6+ Kc8 43. Na4 g6 44. Rd6 1-0

[Event "EUSA Champioship"]
[Site "Budapest"]
[Date "2019.07.25"]
[Round "1.2"]
[White "Radoman, Emmanuel"]
[Black "Predke, Alexandr"]
[Result "0-1"]
[WhiteElo "1937"]
[BlackElo "2632"]
[PlyCount "108"]
[EventDate "2019.07.23"]
[EventType "team-swiss"]
[EventRounds "9"]
[EventCountry "HUN"]
[WhiteTeam "Unversity of Nice Sophia Antipolis"]
[BlackTeam "Ural State Mining Unversity"]
[WhiteTeamCountry "FRA"]
[BlackTeamCountry "RUS"]

1. e4 e5 2. Nf3 Nc6 3. Bb5 a6 4. Ba4 Nf6 5. O-O Be7 6. Re1 d6 7. h3 b5 8. Bb3
Na5 9. c3 Nxb3 10. axb3 O-O 11. d4 Bb7 12. Nbd2 Re8 13. Qc2 exd4 14. cxd4 Bf8
15. d5 Rc8 16. Qd3 Qd7 17. Nf1 c6 18. Bg5 cxd5 19. exd5 Nxd5 20. Rxe8 Rxe8 21.
Ng3 h6 22. Bd2 Nf6 23. Re1 Rxe1+ 24. Bxe1 Qe6 25. Bb4 Ne4 26. Nxe4 Bxe4 27. Qd1
Bd5 28. Nd2 Qg6 29. Qg4 Qe6 30. Qxe6 fxe6 31. f3 Kf7 32. Kf2 Ke7 33. Bc3 Kd7
34. Ke3 g6 35. g3 Be7 36. h4 h5 37. f4 Bd8 38. b4 Bb6+ 39. Bd4 Bc7 40. Nb1 e5
41. fxe5 dxe5 42. Bc3 Ke6 43. Be1 Bb6+ 44. Ke2 Bc4+ 45. Kd2 e4 46. Nc3 e3+ 47.
Kc1 Ke5 48. Kc2 Kd4 49. Kc1 Kd3 50. Kd1 e2+ 51. Kc1 Be3+ 52. Kb1 Bb3 53. Na2
Bxa2+ 54. Kxa2 Bd2 0-1

[Event "EUSA Champioship"]
[Site "Budapest"]
[Date "2019.07.25"]
[Round "1.1"]
[White "Smolka, Marcin"]
[Black "Shevchenko, Kirill"]
[Result "0-1"]
[WhiteElo "2178"]
[BlackElo "2536"]
[PlyCount "46"]
[EventDate "2019.07.23"]
[EventType "team-swiss"]
[EventRounds "9"]
[EventCountry "HUN"]
[WhiteTeam "AGH University of Science and Technology II"]
[BlackTeam "Lviv State Unversity of Physical Culture"]
[WhiteTeamCountry "POL"]
[BlackTeamCountry "UKR"]

1. e4 c5 2. c4 Nc6 3. Ne2 e5 4. d3 d6 5. g3 h5 6. Nbc3 h4 7. Be3 Nd4 8. Bxd4
cxd4 9. Nd5 Nf6 10. Nxf6+ Qxf6 11. Qb3 hxg3 12. fxg3 Qf3 13. Rg1 Rxh2 14. O-O-O
Be7 15. Qb5+ Kf8 16. g4 g6 17. Kb1 Bh4 18. Qd5 Bf2 19. Qxd6+ Kg8 20. Qd8+ Kg7
21. Bg2 Qxe2 22. g5 Bxg1 23. Rf1 Be6 0-1

[Event "EUSA Champioship"]
[Site "Budapest"]
[Date "2019.07.25"]
[Round "1.1"]
[White "Harutyunian, Tigran K"]
[Black "Sousa, Andre Ventura"]
[Result "1-0"]
[WhiteElo "2552"]
[BlackElo "2362"]
[PlyCount "87"]
[EventDate "2019.07.23"]
[EventType "team-swiss"]
[EventRounds "9"]
[EventCountry "HUN"]
[WhiteTeam "Armenian State Unversity of Economics"]
[BlackTeam "University of Porto"]
[WhiteTeamCountry "ARM"]
[BlackTeamCountry "POR"]

1. Nf3 Nf6 2. g3 d5 3. Bg2 e6 4. d4 Be7 5. c4 O-O 6. Nc3 c6 7. Qd3 b6 8. O-O
Na6 9. a3 Bb7 10. Rd1 Qc8 11. cxd5 cxd5 12. Bf4 Nb8 13. Rac1 Ba6 14. Nxd5 Nxd5
15. Rxc8 Bxd3 16. Rxf8+ Kxf8 17. Rxd3 Nxf4 18. gxf4 Nd7 19. Rc3 Bd6 20. e3 Rd8
21. Kf1 Ke7 22. Ke2 h6 23. h4 g6 24. Nd2 Bb8 25. Bb7 Nf6 26. Nf3 Rd7 27. Ba6
Ne8 28. Ne5 Bxe5 29. fxe5 Rc7 30. Bb5 Rxc3 31. bxc3 Ng7 32. e4 Kd8 33. Kf3 Ke7
34. Kg4 Kf8 35. d5 Ke7 36. d6+ Kd8 37. f4 Kc8 38. Bd3 Kd7 39. f5 exf5+ 40. exf5
gxf5+ 41. Bxf5+ Kc6 42. a4 Kb7 43. Be4+ Kc8 44. Bd5 1-0

[Event "EUSA Champioship"]
[Site "Budapest"]
[Date "2019.07.25"]
[Round "2.1"]
[White "Lewicki, Miroslaw"]
[Black "Chigaev, Maksim"]
[Result "1/2-1/2"]
[WhiteElo "2351"]
[BlackElo "2640"]
[PlyCount "142"]
[EventDate "2019.07.23"]
[EventType "team-swiss"]
[EventRounds "9"]
[EventCountry "HUN"]
[WhiteTeam "AGH University of Science and Technology"]
[BlackTeam "Ural State Mining Unversity"]
[WhiteTeamCountry "POL"]
[BlackTeamCountry "RUS"]

1. e4 e5 2. Nf3 Nc6 3. Bb5 a6 4. Ba4 Nf6 5. d3 d6 6. c3 Bd7 7. O-O g6 8. Nbd2
Bg7 9. Re1 O-O 10. Nf1 Kh8 11. d4 Qe8 12. Bc2 Bg4 13. d5 Ne7 14. h3 Bxf3 15.
Qxf3 Nfg8 16. Ng3 f5 17. exf5 gxf5 18. Nh5 Bh6 19. Bxh6 Nxh6 20. Ng3 Qg6 21. c4
Qg7 22. Kh1 b6 23. b4 a5 24. c5 axb4 25. cxd6 cxd6 26. Qb3 Rg8 27. Rg1 Ng4 28.
Raf1 Ra3 29. Qxb4 Nxf2+ 30. Rxf2 Rxg3 31. Qh4 f4 32. Be4 Ng6 33. Qh5 h6 34. Rb1
Rg5 35. Qe2 Nh4 36. Rxb6 Rg3 37. Rb3 f3 38. Bxf3 Rxh3+ 39. Kg1 Qg3 40. Qc2
Nxf3+ 41. Rbxf3 Qh2+ 42. Kf1 Qh1+ 43. Ke2 Qxg2 44. Qe4 Qh1 45. Qf5 Rxf3 46.
Rxf3 Rg2+ 47. Rf2 Rxf2+ 48. Kxf2 Qxd5 49. Kg3 Kg7 50. Qd7+ Kg6 51. a4 h5 52.
Qe8+ Kf5 53. Qxh5+ Ke4 54. Qe2+ Kd4 55. Qb2+ Kc4 56. Qb6 Qd3+ 57. Kg2 Qc2+ 58.
Kf3 Qxa4 59. Qxd6 Qa8+ 60. Ke3 Qa7+ 61. Ke2 Qa2+ 62. Ke3 Qa7+ 63. Ke2 Qd4 64.
Qxd4+ Kxd4 65. Kd2 Ke4 66. Ke2 Kf4 67. Kf2 e4 68. Ke2 e3 69. Ke1 Kf3 70. Kf1
e2+ 71. Ke1 Ke3 1/2-1/2

[Event "EUSA Champioship"]
[Site "Budapest"]
[Date "2019.07.25"]
[Round "2.2"]
[White "Predke, Alexandr"]
[Black "Molenda, Marcin"]
[Result "1-0"]
[WhiteElo "2632"]
[BlackElo "2387"]
[PlyCount "51"]
[EventDate "2019.07.23"]
[EventType "team-swiss"]
[EventRounds "9"]
[EventCountry "HUN"]
[WhiteTeam "Ural State Mining Unversity"]
[BlackTeam "AGH University of Science and Technology"]
[WhiteTeamCountry "RUS"]
[BlackTeamCountry "POL"]

1. e4 c5 2. Nc3 e6 3. Nge2 Nc6 4. g3 h5 5. Bg2 h4 6. O-O hxg3 7. fxg3 Nf6 8. d3
Qb6 9. Kh1 Ng4 10. h3 d6 11. a3 Be7 12. Rb1 Bf6 13. Nf4 Bxc3 14. Qxg4 e5 15.
Qxg7 exf4 16. bxc3 Qxb1 17. Qxh8+ Kd7 18. Bxf4 Qxc2 19. Qf6 Qxd3 20. Qxf7+ Ne7
21. Bg5 Qxg3 22. Qxe7+ Kc6 23. e5+ Kb5 24. Rb1+ Ka4 25. Qe8+ Kxa3 26. Bc1+ 1-0

[Event "EUSA Champioship"]
[Site "Budapest"]
[Date "2019.07.25"]
[Round "3.1"]
[White "Chigaev, Maksim"]
[Black "Deaconu, Mihai-Ionut"]
[Result "1-0"]
[WhiteElo "2640"]
[BlackElo "1957"]
[PlyCount "45"]
[EventDate "2019.07.23"]
[EventType "team-swiss"]
[EventRounds "9"]
[EventCountry "HUN"]
[WhiteTeam "Ural State Mining Unversity"]
[BlackTeam "Unversity College London II"]
[WhiteTeamCountry "RUS"]
[BlackTeamCountry "ENG"]

1. e4 e5 2. Nf3 Nc6 3. d4 exd4 4. Nxd4 Nf6 5. Nxc6 bxc6 6. e5 Qe7 7. Qe2 Nd5 8.
h4 d6 9. c4 Nb6 10. exd6 Qxe2+ 11. Bxe2 cxd6 12. Bf3 Bd7 13. b3 Be7 14. Bb2 O-O
15. Nd2 a5 16. g3 d5 17. cxd5 Nxd5 18. a3 Rab8 19. O-O f5 20. Rfe1 Bc5 21. Rac1
Ba7 22. Bxd5+ cxd5 23. Re7 1-0

[Event "EUSA Champioship"]
[Site "Budapest"]
[Date "2019.07.25"]
[Round "3.2"]
[White "Stamatopoulos, Apostolos"]
[Black "Predke, Alexandr"]
[Result "0-1"]
[WhiteElo "1782"]
[BlackElo "2632"]
[PlyCount "60"]
[EventDate "2019.07.23"]
[EventType "team-swiss"]
[EventRounds "9"]
[EventCountry "HUN"]
[WhiteTeam "Unversity College London II"]
[BlackTeam "Ural State Mining Unversity"]
[WhiteTeamCountry "ENG"]
[BlackTeamCountry "RUS"]

1. d4 Nf6 2. Nf3 e6 3. e3 b6 4. Bd3 Bb7 5. O-O d5 6. b3 Bd6 7. Bb2 Nbd7 8. Nbd2
Ne4 9. Ne5 O-O 10. Bxe4 dxe4 11. f4 f6 12. Nxd7 Qxd7 13. c4 f5 14. Rc1 Qe7 15.
Rf2 Rad8 16. Qc2 c5 17. Nb1 cxd4 18. Bxd4 Bc5 19. Rd1 Bxd4 20. exd4 e3 21. Re2
Qh4 22. g3 Qf6 23. Qd3 Bf3 24. Nc3 Rfe8 25. Qxe3 Bxe2 26. Nxe2 e5 27. fxe5 Rxe5
28. dxe5 Rxd1+ 29. Kf2 Qc6 30. Qf3 Rf1+ 0-1

[Event "EUSA Champioship"]
[Site "Budapest"]
[Date "2019.07.26"]
[Round "4.1"]
[White "Korpa, Bence"]
[Black "Liebelt, Jannik"]
[Result "1-0"]
[WhiteElo "2523"]
[BlackElo "2056"]
[PlyCount "75"]
[EventDate "2019.07.23"]
[EventType "team-swiss"]
[EventRounds "9"]
[EventCountry "HUN"]
[WhiteTeam "Eotvos Lorand Unversity"]
[BlackTeam "University of Bielefeld"]
[WhiteTeamCountry "HUN"]
[BlackTeamCountry "GER"]

1. d4 Nf6 2. Nf3 e6 3. Bf4 d5 4. e3 c5 5. c3 Nc6 6. Bd3 Qb6 7. Qc2 h6 8. Nbd2
Nh5 9. Be5 Be7 10. dxc5 Qxc5 11. Bc7 Nd8 12. Bxd8 Bxd8 13. Qa4+ Kf8 14. O-O Bc7
15. Nb3 Qd6 16. Qh4 Nf6 17. Rad1 Bd8 18. Qd4 Bb6 19. Qa4 Bd7 20. Bb5 Bc7 21.
Bxd7 Qxd7 22. Qxd7 Nxd7 23. c4 Nf6 24. cxd5 Nxd5 25. Rc1 Rc8 26. Nc5 Bb8 27.
Nxe6+ Ke7 28. Nxg7 Kf6 29. Nh5+ Ke7 30. Nd4 Nb4 31. a3 Nd3 32. Rcd1 Nc5 33. f4
Ne4 34. Nf5+ Ke6 35. Nfg7+ Ke7 36. Rd4 Nf6 37. Nf5+ Ke6 38. Nhg7# 1-0

[Event "EUSA Champioship"]
[Site "Budapest"]
[Date "2019.07.26"]
[Round "4.2"]
[White "Paneff, Florian"]
[Black "Kaczur, Florian"]
[Result "0-1"]
[WhiteElo "2039"]
[BlackElo "2463"]
[PlyCount "32"]
[EventDate "2019.07.23"]
[EventType "team-swiss"]
[EventRounds "9"]
[EventCountry "HUN"]
[WhiteTeam "University of Bielefeld"]
[BlackTeam "Eotvos Lorand Unversity"]
[WhiteTeamCountry "GER"]
[BlackTeamCountry "HUN"]

1. e4 e5 2. Nf3 Nc6 3. d4 exd4 4. Nxd4 Bc5 5. Nxc6 bxc6 6. Bd3 d6 7. O-O Nf6 8.
Bg5 h6 9. Bh4 g5 10. Bg3 h5 11. h4 Ng4 12. hxg5 Qxg5 13. Nd2 h4 14. Nf3 hxg3
15. Nxg5 gxf2+ 16. Rxf2 Nxf2 0-1

[Event "EUSA Champioship"]
[Site "Budapest"]
[Date "2019.07.26"]
[Round "5.1"]
[White "Chigaev, Maksim"]
[Black "Korpa, Bence"]
[Result "1-0"]
[WhiteElo "2640"]
[BlackElo "2523"]
[PlyCount "95"]
[EventDate "2019.07.23"]
[EventType "team-swiss"]
[EventRounds "9"]
[EventCountry "HUN"]
[WhiteTeam "Ural State Mining Unversity"]
[BlackTeam "Eotvos Lorand Unversity"]
[WhiteTeamCountry "RUS"]
[BlackTeamCountry "HUN"]

1. e4 d5 2. exd5 Qxd5 3. Nc3 Qd6 4. d4 Nf6 5. Nf3 c6 6. Ne5 Nbd7 7. Nc4 Qc7 8.
Qf3 Nb6 9. Bf4 Qd7 10. Nxb6 axb6 11. O-O-O Qd8 12. h3 e6 13. Bc4 Be7 14. Be5 b5
15. Bb3 O-O 16. Qg3 Nh5 17. Qf3 Nf6 18. h4 b4 19. Ne4 Nxe4 20. Qxe4 Bd6 21. Qg4
f6 22. Qg3 fxe5 23. dxe5 Bxe5 24. Qxe5 Qf6 25. Qxf6 gxf6 26. Rhe1 Kf7 27. g4 h5
28. Re4 c5 29. Bc4 Ke7 30. gxh5 e5 31. f4 Bf5 32. Re3 e4 33. Rd5 Bh7 34. f5
Rfd8 35. Rxe4+ Kf8 36. Rxc5 Rd7 37. Be6 Rg7 38. Rc8+ Rxc8 39. Bxc8 Rg1+ 40. Kd2
Rg2+ 41. Re2 Rg4 42. Re6 Rd4+ 43. Ke3 Rc4 44. Bxb7 Rxc2 45. h6 Rxb2 46. Bd5 Bg8
47. Rxf6+ Ke7 48. Rg6 1-0

[Event "EUSA Champioship"]
[Site "Budapest"]
[Date "2019.07.26"]
[Round "5.2"]
[White "Kaczur, Florian"]
[Black "Predke, Alexandr"]
[Result "0-1"]
[WhiteElo "2463"]
[BlackElo "2632"]
[PlyCount "126"]
[EventDate "2019.07.23"]
[EventType "team-swiss"]
[EventRounds "9"]
[EventCountry "HUN"]
[WhiteTeam "Eotvos Lorand Unversity"]
[BlackTeam "Ural State Mining Unversity"]
[WhiteTeamCountry "HUN"]
[BlackTeamCountry "RUS"]

1. e4 e5 2. Nf3 Nc6 3. Bb5 a6 4. Ba4 Nf6 5. d3 d6 6. c3 Be7 7. O-O O-O 8. Re1
b5 9. Bb3 Na5 10. Bc2 c5 11. Nbd2 Nc6 12. Nf1 h6 13. Ng3 Re8 14. a3 Bf8 15. b4
a5 16. bxa5 Rxa5 17. d4 exd4 18. cxd4 Bg4 19. Bb2 Nh5 20. Nf5 g6 21. h3 gxf5
22. hxg4 fxg4 23. Nh2 Nxd4 24. Nxg4 Qg5 25. Bxd4 cxd4 26. Qf3 Bg7 27. Bb3 Nf6
28. Nxf6+ Qxf6 29. Qd3 Rc8 30. Rec1 Rc5 31. Bd5 Qf4 32. Rc2 h5 33. g3 Qg5 34.
Rb1 h4 35. Rxc5 dxc5 36. Rxb5 Qc1+ 37. Kg2 Rxa3 38. Rb8+ Bf8 39. Qe2 Qg5 40.
Rb7 hxg3 41. Bxf7+ Kh8 42. f4 Qh4 43. Qh5+ Qxh5 44. Bxh5 c4 45. e5 Re3 46. Rc7
c3 47. Bg6 d3 48. f5 Re2+ 49. Kxg3 Rxe5 50. Rxc3 Re3+ 51. Kg4 d2 52. Rxe3 d1=Q+
53. Kg3 Bd6+ 54. Kg2 Qg4+ 55. Kf1 Qc4+ 56. Kg2 Qg4+ 57. Kf1 Kg7 58. Ke1 Bb4+
59. Kf1 Bc5 60. Rd3 Kf6 61. Ke1 Qe4+ 62. Kd2 Bb4+ 63. Kc2 Qc4+ 0-1

[Event "EUSA Champioship"]
[Site "Budapest"]
[Date "2019.07.26"]
[Round "5.1"]
[White "Harutyunian, Tigran K"]
[Black "Shevchenko, Kirill"]
[Result "1-0"]
[WhiteElo "2552"]
[BlackElo "2536"]
[PlyCount "67"]
[EventDate "2019.07.23"]
[EventType "team-swiss"]
[EventRounds "9"]
[EventCountry "HUN"]
[WhiteTeam "Armenian State Unversity of Economics"]
[BlackTeam "Lviv State Unversity of Physical Culture"]
[WhiteTeamCountry "ARM"]
[BlackTeamCountry "UKR"]

1. Nf3 Nf6 2. d4 g6 3. Nbd2 d5 4. b4 Bg7 5. e3 O-O 6. Bb2 a5 7. b5 Nbd7 8. Be2
c5 9. bxc6 bxc6 10. O-O c5 11. c4 Bb7 12. Rc1 a4 13. Ba3 dxc4 14. Nxc4 Ne4 15.
Qc2 cxd4 16. Nxd4 Bxd4 17. exd4 Ndf6 18. Bf3 Nd6 19. Bxb7 Nxb7 20. Rfe1 Nd5 21.
Ne5 Nd6 22. Nc6 Qd7 23. Qc5 Nc8 24. g3 Re8 25. Ne5 Qd8 26. Rb1 Nf6 27. Rbc1 e6
28. Qc6 Ne7 29. Qf3 Nf5 30. g4 Nxd4 31. Qf4 h6 32. Bc5 Nb5 33. Rcd1 g5 34. Qf3
1-0

[Event "EUSA Champioship"]
[Site "Budapest"]
[Date "2019.07.26"]
[Round "5.1"]
[White "Lewicki, Miroslaw"]
[Black "Zaslavsky, Mikhail"]
[Result "1-0"]
[WhiteElo "2351"]
[BlackElo "2405"]
[PlyCount "99"]
[EventDate "2019.07.23"]
[EventType "team-swiss"]
[EventRounds "9"]
[EventCountry "HUN"]
[WhiteTeam "AGH University of Science and Technology"]
[BlackTeam "The Open Unversity of Israel"]
[WhiteTeamCountry "POL"]
[BlackTeamCountry "ISR"]

1. e4 c5 2. Nf3 Nc6 3. Bb5 g6 4. O-O Bg7 5. c3 Nf6 6. Re1 O-O 7. d3 d6 8. Nbd2
Bd7 9. Ba4 Rb8 10. d4 b5 11. Bb3 cxd4 12. cxd4 e5 13. d5 Na5 14. Bc2 Qc7 15. b4
Rfc8 16. Bb3 Nc4 17. a3 a5 18. Nf1 h6 19. h3 Ra8 20. bxa5 Qxa5 21. N1d2 Be8 22.
a4 Nb6 23. Ba3 b4 24. Bb2 Bxa4 25. Bxa4 Nxa4 26. Qb3 Qb5 27. Ba3 Rcb8 28. Bb2
Nd7 29. Reb1 Ndc5 30. Qe3 Nd3 31. Ba3 Nc3 32. Rb3 Ra4 33. Nb1 Qc4 34. Nfd2 Qd4
35. Nxc3 bxc3 36. Rxb8+ Kh7 37. Nb3 Qxe3 38. fxe3 c2 39. Rc8 Nc5 40. Bc1 Rb4
41. Nd2 Bf6 42. Ra2 Bg5 43. Nf3 Rb1 44. Nxg5+ hxg5 45. Rxc2 Nxe4 46. g4 Nf6 47.
Rf2 Kg7 48. Rc7 Rb5 49. e4 Rb1 50. Kg2 1-0

[Event "EUSA Champioship"]
[Site "Budapest"]
[Date "2019.07.26"]
[Round "5.2"]
[White "Galburd, Yan"]
[Black "Molenda, Marcin"]
[Result "0-1"]
[WhiteElo "2429"]
[BlackElo "2387"]
[PlyCount "154"]
[EventDate "2019.07.23"]
[EventType "team-swiss"]
[EventRounds "9"]
[EventCountry "HUN"]
[WhiteTeam "The Open Unversity of Israel"]
[BlackTeam "AGH University of Science and Technology"]
[WhiteTeamCountry "ISR"]
[BlackTeamCountry "POL"]

1. d4 Nf6 2. Bf4 g6 3. Nc3 d5 4. Nb5 Na6 5. e3 c6 6. Nc3 Nc7 7. Nf3 Bg7 8. h3
O-O 9. Be2 Bf5 10. O-O Ne4 11. Nxe4 Bxe4 12. c4 Ne6 13. Bg3 c5 14. Re1 cxd4 15.
Nxd4 Nxd4 16. exd4 Qb6 17. cxd5 Bxd5 18. Bf3 Bxf3 19. Qxf3 Qxb2 20. Rab1 Qxa2
21. Rxb7 Bxd4 22. Rexe7 Rae8 23. Red7 Re1+ 24. Kh2 Qa1 25. Bf4 Rh1+ 26. Kg3 Rf1
27. Be3 Be5+ 28. Bf4 Bd4 29. Be3 Be5+ 30. Bf4 Bd4 31. Rxd4 Qxd4 32. Bh6 Qe5+
33. Kh4 Qd4+ 34. Kg3 Qe5+ 35. Kh4 Qd4+ 36. Kg3 Qe5+ 37. Bf4 Qf6 38. Qe3 Rd1 39.
Kh2 Qd4 40. Qf3 Qd5 41. Qxd5 Rxd5 42. Rxa7 Kg7 43. Bc1 g5 44. g4 Kg6 45. Ra6+
f6 46. Ba3 Rf7 47. Ra8 Rd3 48. Bc5 h5 49. Ra6 hxg4 50. hxg4 Rfd7 51. Bf8 Rf3
52. Bc5 Rf4 53. Kg3 Rd1 54. Be3 Rg1+ 55. Kh2 Rfxg4 56. f3 R4g2+ 57. Kh3 Rg3+
58. Kh2 R1g2+ 59. Kh1 Re2 60. Bd4 Rxf3 61. Ra1 g4 62. Kg1 Rd3 63. Bf2 g3 64.
Be1 Rde3 65. Bb4 Kg5 66. Ra5+ f5 67. Ra1 Kg4 68. Ra8 Kf3 69. Ra1 f4 70. Rf1+
Rf2 71. Rc1 Ree2 72. Rc3+ Kg4 73. Rc8 Rc2 74. Rg8+ Kf3 75. Re8 Rg2+ 76. Kh1
Rh2+ 77. Kg1 Rcg2+ 0-1

[Event "EUSA Champioship"]
[Site "Budapest"]
[Date "2019.07.26"]
[Round "6.1"]
[White "Harutyunian, Tigran K"]
[Black "Chigaev, Maksim"]
[Result "1/2-1/2"]
[WhiteElo "2552"]
[BlackElo "2640"]
[PlyCount "220"]
[EventDate "2019.07.23"]
[EventType "team-swiss"]
[EventRounds "9"]
[EventCountry "HUN"]
[WhiteTeam "Armenian State Unversity of Economics"]
[BlackTeam "Ural State Mining Unversity"]
[WhiteTeamCountry "ARM"]
[BlackTeamCountry "RUS"]

1. Nf3 Nf6 2. d4 g6 3. c4 Bg7 4. g3 O-O 5. Bg2 d5 6. O-O Nc6 7. Na3 dxc4 8.
Nxc4 Be6 9. b3 a5 10. Bb2 Bd5 11. Rc1 Bh6 12. e3 Bg7 13. a4 Qc8 14. Qe2 Rd8 15.
Rfd1 h6 16. Nfe5 Bxg2 17. Kxg2 Nxe5 18. dxe5 Rxd1 19. Qxd1 Ne4 20. Qd5 Ng5 21.
h4 c6 22. Qd1 Qh3+ 23. Kg1 Ne6 24. Qf1 Qxf1+ 25. Kxf1 Nc5 26. Nb6 Ra6 27. Rxc5
Rxb6 28. Rxa5 Rxb3 29. Bd4 e6 30. Ra8+ Kh7 31. a5 Rb5 32. Bb6 Bxe5 33. Ra7 Bc3
34. Ke2 Kg7 35. Kd3 Bb4 36. Rxb7 Bxa5 37. Bd4+ Kf8 38. Ra7 Bb6 39. Bxb6 Rxb6
40. e4 Rb3+ 41. Ke2 h5 42. Rc7 Rb2+ 43. Ke3 Rc2 44. e5 Kg7 45. Rc8 c5 46. f4 c4
47. Kf3 Rc1 48. Kf2 c3 49. Kg2 c2 50. Kh2 g5 51. hxg5 Kg6 52. Rc7 h4 53. gxh4
Kh5 54. Rc4 Rf1 55. Rxc2 Rxf4 56. Kg3 Rg4+ 57. Kf3 Rxh4 58. Ke3 Kxg5 59. Rf2
Kg6 60. Rg2+ Kh7 61. Rg1 Kh6 62. Rg2 Rh5 63. Ke4 Rg5 64. Rf2 Rg4+ 65. Ke3 Kg7
66. Rf1 Ra4 67. Rf2 Kf8 68. Rf1 Ke7 69. Rf2 Ke8 70. Rf1 Rc4 71. Rf2 Rc5 72. Ke4
Rd5 73. Rf1 Rd7 74. Rf2 Kd8 75. Rc2 Rc7 76. Rf2 Kc8 77. Rf1 Kb7 78. Rb1+ Kc6
79. Rc1+ Kb6 80. Rb1+ Ka5 81. Kf4 Rc2 82. Rb7 Ka6 83. Rb8 Ka7 84. Rb1 Rf2+ 85.
Ke4 Ka6 86. Rb8 Ka5 87. Rb7 Ka4 88. Ke3 Rf5 89. Ke4 Ka3 90. Rb8 Ka2 91. Rb7 Rf1
92. Rb8 Ka3 93. Rb7 Rf5 94. Rb8 Rf2 95. Rb7 Ka4 96. Ke3 Rf5 97. Ke4 Ka5 98. Rb1
Ka6 99. Rb2 Rf1 100. Rb8 Ka7 101. Rb2 Rg1 102. Ke3 Rg5 103. Ke4 Rg8 104. Rf2
Rg4+ 105. Ke3 Rg7 106. Rb2 Ka6 107. Ke4 Ka5 108. Kf4 Rg1 109. Ke4 Rg4+ 110. Ke3
Rg5 1/2-1/2

[Event "EUSA Champioship"]
[Site "Budapest"]
[Date "2019.07.26"]
[Round "6.2"]
[White "Predke, Alexandr"]
[Black "Petrosyan, Tigran S"]
[Result "1/2-1/2"]
[WhiteElo "2632"]
[BlackElo "2448"]
[PlyCount "138"]
[EventDate "2019.07.23"]
[EventType "team-swiss"]
[EventRounds "9"]
[EventCountry "HUN"]
[WhiteTeam "Ural State Mining Unversity"]
[BlackTeam "Armenian State Unversity of Economics"]
[WhiteTeamCountry "RUS"]
[BlackTeamCountry "ARM"]

1. e4 e5 2. Nf3 Nc6 3. Bb5 a6 4. Ba4 Nf6 5. O-O Be7 6. Re1 b5 7. Bb3 d6 8. a4
Rb8 9. axb5 axb5 10. c3 O-O 11. d4 exd4 12. cxd4 Bg4 13. Nc3 Bxf3 14. gxf3 Nb4
15. f4 c5 16. dxc5 dxc5 17. e5 Ne8 18. Qxd8 Bxd8 19. Be3 c4 20. Bc5 Nd3 21.
Bxf8 Nxe1 22. Rxe1 Kxf8 23. Bc2 Ba5 24. Rd1 Bxc3 25. bxc3 Nc7 26. f5 Ke7 27.
Be4 Rb6 28. Kg2 Na6 29. Ra1 f6 30. f4 g6 31. Kf3 fxe5 32. fxe5 gxf5 33. Bxf5 b4
34. cxb4 Nxb4 35. Ra7+ Kf8 36. e6 Nc6 37. Rf7+ Ke8 38. Rxh7 Nd4+ 39. Ke4 Nxf5
40. Kxf5 Rb2 41. h4 Rf2+ 42. Ke5 c3 43. Rc7 c2 44. h5 Re2+ 45. Kf6 Rf2+ 46. Kg6
Rg2+ 47. Kf5 Rf2+ 48. Kg5 Rg2+ 49. Kf4 Rf2+ 50. Kg3 Re2 51. Kh4 Rxe6 52. Rxc2
Kf7 53. Rg2 Ra6 54. Rg4 Rb6 55. Rg3 Ra6 56. Rg4 Rb6 57. Kg3 Ra6 58. Rg5 Ra3+
59. Kh4 Ra4+ 60. Kg3 Ra3+ 61. Kf4 Ra4+ 62. Ke3 Ra3+ 63. Kd4 Ra4+ 64. Kd3 Ra3+
65. Kc4 Ra4+ 66. Kb5 Rh4 67. Kc5 Kf6 68. Rd5 Kg7 69. Kd6 Kh6 1/2-1/2

[Event "EUSA Champioship"]
[Site "Budapest"]
[Date "2019.07.26"]
[Round "7.1"]
[White "Zaslavsky, Mikhail"]
[Black "Chigaev, Maksim"]
[Result "1/2-1/2"]
[WhiteElo "2405"]
[BlackElo "2640"]
[PlyCount "255"]
[EventDate "2019.07.23"]
[EventType "team-swiss"]
[EventRounds "9"]
[EventCountry "HUN"]
[WhiteTeam "The Open Unversity of Israel"]
[BlackTeam "Ural State Mining Unversity"]
[WhiteTeamCountry "ISR"]
[BlackTeamCountry "RUS"]

1. f4 d5 2. Nf3 g6 3. e3 Bg7 4. c4 Nf6 5. cxd5 Nxd5 6. Nc3 O-O 7. Qb3 c6 8. d4
Nb6 9. Be2 Be6 10. Qc2 a5 11. Ne4 Bf5 12. Nh4 Bd7 13. Nc5 e5 14. Nf3 exf4 15.
e4 Bg4 16. Bxf4 Bxf3 17. Bxf3 Qxd4 18. Rd1 Qb4+ 19. Bd2 Qc4 20. Rc1 Qxa2 21.
Nxb7 Qxb2 22. Qxb2 Bxb2 23. Rc2 Bd4 24. Nxa5 c5 25. Ke2 N6d7 26. Rb1 Ne5 27.
Rb5 Nbd7 28. Bf4 Ra6 29. Nb3 Re8 30. Nxd4 cxd4 31. Rd2 Nc6 32. Kf2 Nde5 33.
Bxe5 Nxe5 34. Rxd4 Kg7 35. Kg3 h5 36. h4 Ra3 37. Rdb4 Raa8 38. Rd5 Re7 39. Rbb5
Rae8 40. Kf4 Nc6 41. Rbc5 Nd8 42. Ra5 Ne6+ 43. Kg3 Rc8 44. Ra3 Rc2 45. Rad3 Nc5
46. R3d4 Rc3 47. Kh2 Ne6 48. Rd2 Nf4 49. Rd7 Rxd7 50. Rxd7 Nd3 51. Rd5 Kf6 52.
Kg3 Nb4 53. Rb5 Nc6 54. Kf4 Nd4 55. Ra5 Ne6+ 56. Kg3 Rc5 57. Ra7 Rb5 58. Rd7
Re5 59. Ra7 Nd4 60. Kf4 Ne6+ 61. Kg3 Rc5 62. Rd7 Ra5 63. Rb7 Nc5 64. Rc7 Nd3
65. Rd7 Ne5 66. Rd6+ Ke7 67. Rb6 Ra3 68. Kf4 Nd3+ 69. Kg3 Nc5 70. Kf4 Ne6+ 71.
Kg3 Kf6 72. Rb5 Rc3 73. Ra5 Rc5 74. Ra7 Rc7 75. Ra5 Nc5 76. Kf4 Nd3+ 77. Kg3
Ne5 78. Kf4 Re7 79. Ra6+ Kg7 80. Ra5 f6 81. Ra6 Rc7 82. Kg3 Rc3 83. Ra7+ Kh6
84. Ra6 Rc6 85. Ra5 Re6 86. Ra8 Nf7 87. Kf4 Rb6 88. Ra7 Ne5 89. Ra8 Re6 90.
Rh8+ Kg7 91. Ra8 Re7 92. Ra5 Nf7 93. Kg3 Rc7 94. Ra6 Ne5 95. Kf4 Rc6 96. Ra7+
Kh6 97. Ra8 g5+ 98. hxg5+ Kg6 99. gxf6 Kxf6 100. Bxh5 Nd3+ 101. Ke3 Ne5 102.
Rf8+ Ke7 103. Rf5 Ke6 104. Be2 Rb6 105. Kf4 Nd7 106. Bc4+ Ke7 107. Rf7+ Ke8
108. Rg7 Rf6+ 109. Kg5 Rf2 110. g4 Ne5 111. Be6 Nf3+ 112. Kf6 Nd2+ 113. Ke5 Kf8
114. Rg8+ Ke7 115. Rg7+ Kf8 116. Ra7 Nf3+ 117. Kd6 Nd4 118. Ra8+ Kg7 119. Bf5
Rd2 120. Ra7+ Kf6 121. e5+ Kg5 122. Rg7+ Kf4 123. Rf7 Nf3+ 124. Ke6 Ng5+ 125.
Kf6 Nxf7 126. Kxf7 Kxe5 127. Kg6 Rg2 128. Kg5 1/2-1/2